Physical chemistry
Saved in:
| Hovedforfatter: | |
|---|---|
| Format: | Bog |
| Sprog: | engelsk |
| Udgivet: |
Boston
McGraw Hill
2002
|
| Udgivelse: | 5a. ed |
| Fag: | |
| Tags: |
Tilføj Tag
Ingen Tags, Vær først til at tagge denne postø!
|
MARC
| LEADER | 00000nam a2200000 a 4500 | ||
|---|---|---|---|
| 001 | UCM7313 | ||
| 003 | CL-VaPUC | ||
| 008 | 021213e20020000US |||||||||||||||||eng|d | ||
| 082 | 0 | 4 | |a 541.3 |b LEV |2 21 |
| 100 | |a Levine, Ira N |e author |9 594201 | ||
| 245 | 1 | 0 | |a Physical chemistry |
| 250 | |a 5a. ed | ||
| 300 | |a 986 p | ||
| 942 | |c BK | ||
| 945 | |d 20021213 00:00:00 |a vberengu | ||
| 260 | |a Boston |b McGraw Hill |c 2002 | ||
| 650 | 0 | |a Química física |9 260596 | |
| 650 | 0 | |a Termodinámica |9 259320 | |
| 650 | 0 | |a Gases |9 260945 | |
| 650 | 7 | |a QUIMICA DE SUPERFICIE |2 CL-VaPUC |9 439496 | |
| 650 | 0 | |a Mecánica cuántica |9 306806 | |
| 650 | 0 | |a Estructura atómica |9 259944 | |
| 650 | 7 | |a FOTOQUIMICA |2 CL-VaPUC |9 306796 | |
| 650 | 0 | |a Espectroscopía |9 306791 | |
| 650 | 0 | |a Mecánica estadística |9 261055 | |
| 583 | |a last modification |c 20021213 00:00:00 |k Rodrigo Vera | ||
| 999 | |c 302160 |d 302158 | ||
| 952 | |0 0 |1 0 |4 0 |6 541_300000000000000_LEV_2002 |7 0 |8 A |9 362222 |a BIBCUR |b BIBCUR |d 2019-11-21 |i 386782K |l 5 |m 1 |o 541.3 LEV 2002 |p 386782K |r 2025-04-22 |s 2025-03-20 |w 2019-11-21 |y BK |k QUI | ||
| 952 | |0 0 |1 0 |4 0 |6 541_300000000000000_LEV_2002 |7 0 |8 A |9 362223 |a BIBCUR |b BIBCUR |d 2019-11-21 |i 3867838 |l 1 |o 541.3 LEV 2002 |p 3867838 |r 2025-04-22 |s 2024-03-19 |w 2019-11-21 |y BK |k QUI | ||
| 952 | |0 0 |1 0 |4 0 |6 541_300000000000000_LEV_2002 |7 0 |8 A |9 362224 |a BIBCUR |b BIBCUR |d 2019-11-21 |i 3867846 |l 3 |o 541.3 LEV 2002 |p 3867846 |r 2025-04-22 |s 2025-03-12 |w 2019-11-21 |y BK |k QUI | ||
| 952 | |0 0 |1 0 |4 0 |6 541_300000000000000_LEV_2002 |7 0 |8 A |9 362225 |a BIBCUR |b BIBCUR |d 2019-11-21 |i 3867854 |l 1 |o 541.3 LEV 2002 |p 3867854 |r 2025-04-22 |s 2022-05-17 |w 2019-11-21 |y BK |k QUI | ||
| 952 | |0 0 |1 0 |4 0 |6 541_300000000000000_LEV_2002 |7 0 |8 A |9 362226 |a BIBCUR |b BIBCUR |d 2019-11-21 |i 3867862 |l 1 |o 541.3 LEV 2002 |p 3867862 |r 2025-04-22 |s 2024-05-27 |w 2019-11-21 |y BK |k QUI | ||